000 00508nam a2200169Ia 4500
008 210716s2001 xx 000 0 und d
020 _a9780072384499
041 _aeng
082 _a658.802 MACB
100 _aMacchiette, Barton; Roy, Abhijit.
245 _aTaking sides: clashing views on controversial.
_bClashing views on controversial.
250 _a1
260 _aUSA
_bMcgraw Hill Companies,Inc.
_c2001
300 _axvi,388
650 _aMarketing
700 _aMacchiette, Barton; Roy, Abhijit.
999 _c201208
_d201208